| 000 | 01332nam0a2200361 i 4500 | ||
|---|---|---|---|
| 001 | RU\NLR\BIBL_A\010983898 | ||
| 005 | 20260409080729.0 | ||
| 010 |
_a9785858034841 _91000 |
||
| 021 |
_aRU _b2016-8372 _9544 |
||
| 035 | _a(NILC)RuMoRGB-008136161 | ||
| 035 | _a(NLR Aleph) 010983898 | ||
| 090 |
_a10889841 _c10889841 |
||
| 100 | _a20160218d2015 um y0rusy50 ca | ||
| 101 | 1 |
_arus _cara |
|
| 102 | _aRU | ||
| 105 | _ay|||w|||000zy | ||
| 200 | 1 |
_aСвященный Коран _eперевод и комментарии _f[пер. с араб. и коммент. Н. А. Зейналова] |
|
| 210 |
_aСанкт-Петербург _cПетербургское востоковедение _d2015 |
||
| 215 |
_a635, [4] с. _d25 |
||
| 320 | _aБиблиогр. в конце кн. | ||
| 500 |
_aКоран _3RU\NLR\AUTH\559118 _92631165 |
||
| 605 |
_aКоран _91276425 _3RU\NLR\AUTH\66526004 |
||
| 605 |
_aКоран _xКомментарии _91554436 _3RU\NLR\AUTH\66679202 |
||
| 675 | _a28 | ||
| 686 | 2 | _aЭ38-210.1 | |
| 702 | 1 |
_4730 _8rus _7ca _aЗейналов _bН. А. _gНазим Алиевич _3RU\NLR\AUTH\7767215 _950143 |
|
| 801 | 0 |
_aRU _bРГБ _c20160205 _gRCR |
|
| 801 | 1 |
_aRU _bРГБ _c20160205 _2rusmarc |
|
| 942 | _cBOOK | ||
| 980 | _aNBR | ||